|
|
|
|
| LEADER |
00000nam a2200000Ii 4500 |
| 001 |
DIGEDUNAV0038 |
| 003 |
NyNyDIG |
| 006 |
m o d |
| 007 |
cr ||||||||||| |
| 008 |
220609s2011 sp o 000 0 spa d |
| 035 |
|
|
|a (OCoLC)1333702100
|
| 040 |
|
|
|a DGITA
|b eng
|e rda
|e pn
|c DGITA
|
| 020 |
|
|
|z 9788431327941
|
| 050 |
1 |
4 |
|a HD31 ebook
|
| 082 |
0 |
4 |
|a 658.4
|
| 100 |
1 |
|
|a Valero y Vicente, Antonio,
|e author.
|
| 245 |
1 |
3 |
|a La empresa de negocios y la alta dirección :
|b procedimientos políticos de gobierno /
|c Antonio Valero y Vicente, Enrique Taracena Figueroa.
|
| 264 |
|
1 |
|a Pamplona, España :
|b EUNSA, Ediciones Universidad de Navarra,
|c [2011]
|
| 300 |
|
|
|a 1 online resource :
|b illustrations.
|
| 336 |
|
|
|a text
|b txt
|2 rdacontent
|
| 337 |
|
|
|a computer
|b c
|2 rdamedia
|
| 338 |
|
|
|a online resource
|b cr
|2 rdacarrier
|
| 347 |
|
|
|a text file
|2 rdaft
|
| 347 |
|
|
|b PDF
|
| 490 |
1 |
|
|a Libros IESE
|
| 500 |
|
|
|a "IESE Bussiness School"--Cover
|
| 588 |
0 |
|
|a Online resource; title from PDF title page (Digitalia, viewed June 9, 2022)
|
| 650 |
|
0 |
|a Industrial management.
|
| 650 |
|
0 |
|a Corporate culture.
|
| 655 |
|
0 |
|a Electronic books.
|
| 700 |
1 |
|
|a Taracena, Enrique,
|e author.
|
| 791 |
2 |
|
|a Digitalia (Firm),
|e distributor.
|
| 793 |
0 |
|
|g Digitalia eBook Collection:
|a Ediciones Universidad de Navarra
|
| 776 |
0 |
8 |
|i Print version:
|a Valero y Vicente, Antonio.
|t Empresa de negocios y la alta dirección.
|b Tercera edición.
|d Pamplona, España : EUNSA, Ediciones Universidad de Navarra, [2011]
|z 9788431327941
|
| 830 |
|
0 |
|a Libros IESE.
|
| 856 |
4 |
0 |
|3 Digitalia Hispánica
|u https://www.digitaliapublishing.com/a/51338/
|
| 910 |
|
|
|a Premium collection: 2022
|